Logo BPK

Biblioteka

Politechniki Koszalińskiej

Deutsche Geschichte 1866 - 1918. (Rekord nr 54556)

Szczegóły MARC
000 -ETYKIETA REKORDU
podpole kontrolne o stałej długości 00753nam a2200241 i 4500
001 - NUMER KONTROLNY REKORDU
pole kontrolne bg
020 ## - MIĘDZYNARODOWY ZNORMALIZOWANY NUMER KSIĄŻKI - ISBN
ISBN 340644038X
020 ## - MIĘDZYNARODOWY ZNORMALIZOWANY NUMER KSIĄŻKI - ISBN
ISBN 340644038X (für die dreibändige Sonderausgabe)
040 ## - ŹRÓDŁO KATALOGOWANIA
Instytucja, która utworzyła rekord BPK
041 0# - KOD JĘZYKA
Kod języka tekstu ger
044 ## - KOD KRAJU WYDAWCY/PRODUCENTA
Kod kraju wydawcy/producenta DEU
080 ## - UNIWERSALNA KLASYFIKACJA DZIESIĘTNA - UKD
UKD 94(430)"18/19"
920 ## - Międzynarodowy znormalizowany numer książki – ISBN
ISBN 3-406-44038-X
008 - POLE O STAŁEJ DŁUGOŚCI - DANE KONTROLNE
podpole kontrolne o stałej długości s pl f |000 0 pol
100 1# - NAZWA OSOBOWA
Nazwa osobowa Nipperdey, Thomas
Daty związane z nazwą (1927-1992).
245 ## - TYTUŁ/ODPOWIEDZIALNOŚĆ
Tytuł Deutsche Geschichte 1866 - 1918.
Oznaczenie części/sekcji dzieła Bd. 2,
Tytuł części/sekcji dzieła Machtstaat vor der Demokratie /
Pozostałe elementy strefy tytułu i oznaczenia odpowiedzialności Thomas Nipperdey.
260 ## - STREFA ADRESU WYDAWNICZEGO
Miejsce wydania München :
Nazwa wydawcy/dystrybutora Verlag C.H. Beck,
Data publikacji, dystrybucji/powstania dokumentu 1998.
300 ## - STREFA OPISU FIZYCZNEGO
Objętość 948 s. ;
Rozmiary 23 cm.
504 ## - UWAGA DOTYCZĄCA BIBLIOGRAFII
Informacje o bibliografii Bibliogr. Indeks.
651 #9 - HASŁO PRZEDMIOTOWE W FORMIE NAZWY GEOGRAFICZNEJ
Nazwa geograficzna Niemcy
Określnik ogólny historia
Określnik chronologiczny 19-20 w.
856 ## - LOKALIZACJA I DOSTĘP DO ELEKTRONICZNYCH DOKUMENTÓW ZDALNYCH
Link (URL) http://koha.tu.koszalin.pl/cgi-bin/koha/opac-detail.pl?biblionumber=54556
Tekst linku Katalog online BPK
942 ## - DODATKOWE ELEMENTY (KOHA)
Typ dokumentu Książka
Egzemplarze
Wycofany Status egzemplarza Uszkodzony Dostępność Lokalizacja stała Lokalizacja bieżąca Miejsce przechowywania Sygnatura Kod kreskowy Dział Typ dokumentu
      Tylko na miejscu Biblioteka Politechniki Koszalińskiej Biblioteka Politechniki Koszalińskiej Czytelnia Wydziałowa ul. Kwiatkowskiego 6e 86105 02403502 94(430) Historia Niemiec Książka
© 2023 Biblioteka Politechniki Koszalińskiej :: KOHA